El duque de Lerma : (Record n. 27765)

Dettagli MARC
000 -LEADER
fixed length control field 01292cam a2200313 c 4500
003 - CONTROL NUMBER IDENTIFIER
control field IT-RoINE
005 - DATE AND TIME OF LATEST TRANSACTION
control field 20181123073236.0
008 - FIXED-LENGTH DATA ELEMENTS--GENERAL INFORMATION
fixed length control field 110318s2011 sp a |r|||| 001 | spa d
020 ## - INTERNATIONAL STANDARD BOOK NUMBER
International Standard Book Number 9788493677671
040 ## - CATALOGING SOURCE
Original cataloging agency SpMaBN
Language of cataloging spa
Transcribing agency SpMaBN IT-RoINE
Description conventions rdc
Modifying agency IT-RoINE
245 03 - TITLE STATEMENT
Title El duque de Lerma :
Remainder of title poder y literatura en el Siglo de Oro /
Statement of responsibility, etc dirigido por Juan Matas Caballero, José María Micó Juan y Jesús Ponce Cárdenas.
260 ## - PUBLICATION, DISTRIBUTION, ETC. (IMPRINT)
Place of publication, distribution, etc Madrid :
Name of publisher, distributor, etc Centro de Estudios Europa Hispánica,
Date of publication, distribution, etc 2011.
300 ## - PHYSICAL DESCRIPTION
Extent 419 p. :
Other physical details il. col. y n. ;
Dimensions 25 cm.
336 ## - CONTENT TYPE
Source rdacontent
Content type term text
337 ## - MEDIA TYPE
Source rdamedia
Media type term unmediated
338 ## - CARRIER TYPE
Source rdacarrier
Carrier type term volume
490 1# - SERIES STATEMENT
Series statement Confluencias
500 ## - GENERAL NOTE
General note Incluye índice.
504 ## - BIBLIOGRAPHY, ETC. NOTE
Bibliography, etc Incluye referencias bibliográficas.
600 14 - SUBJECT ADDED ENTRY--PERSONAL NAME
Personal name Góngora y Argote, Luis de,
Dates associated with a name 1561-1627.
Title of a work Panegírico al Duque de Lerma
9 (RLIN) 54725
600 14 - SUBJECT ADDED ENTRY--PERSONAL NAME
Personal name Lerma, Francisco Gómez de Sandoval y Rojas,
Titles and other words associated with a name Duque de,
Dates associated with a name 1553-1625
9 (RLIN) 14943
650 #4 - SUBJECT ADDED ENTRY--TOPICAL TERM
Topical term or geographic name as entry element Literatura española
Chronological subdivision Siglos 16o.-17o.
General subdivision Historia y crítica
9 (RLIN) 12746
651 #4 - SUBJECT ADDED ENTRY--GEOGRAPHIC NAME
Geographic name España
General subdivision Política y gobierno
Chronological subdivision 1598-1621
9 (RLIN) 54726
700 1# - ADDED ENTRY--PERSONAL NAME
Personal name Matas Caballero, Juan
9 (RLIN) 54727
700 1# - ADDED ENTRY--PERSONAL NAME
Personal name Micó, José María,
Dates associated with a name 1961-
9 (RLIN) 22741
700 1# - ADDED ENTRY--PERSONAL NAME
Personal name Ponce Cárdenas, Jesús,
Dates associated with a name 1973-
9 (RLIN) 54728
830 #0 - SERIES ADDED ENTRY--UNIFORM TITLE
9 (RLIN) 14135
Uniform title Confluencias
942 ## - ADDED ENTRY ELEMENTS (KOHA)
Item type Monografías
Dati di copia
Withdrawn status Lost status Damaged status Not for loan Home library Current library Date acquired Total Checkouts Full call number Barcode Date last seen Price effective from Koha item type
        Iglesia Nacional Española en Roma Iglesia Nacional Española en Roma 23/11/2018   HIS.ESP.3. 446 53495 23/11/2018 23/11/2018 Monografías